10 największych miast województwa podlaskiego - Statystyki

Ogólne statystyki
  • Ten quiz został rozwiązany 16 razy
  • Średni wynik to 8 z 10
Statystyki odpowiedzi
Ludność Miasto % Poprawnych
291 688 Białystok
100%
59 711 Łomża
100%
68 231 Suwałki
100%
18 976 Hajnówka
86%
28 995 Augustów
79%
23 823 Bielsk Podlaski
71%
20 899 Grajewo
71%
14 436 Łapy
71%
17 087 Sokółka
64%
20 848 Zambrów
57%
Nie znaleziono quizów pasujących do podanych kryteriów
Rozkład punktacji
Procent ludzi z każdym wynikiem
Percentyl według liczby udzielonych odpowiedzi
Twoja historia wyników
Nie rozwiązałeś tego quizu